Cielo estrellado de mil y veinte y dos exemplos de Maria (Record no. 8655)
[ view plain ]
| 000 -CABECERA | |
|---|---|
| campo de control de longitud fija | 01273nam a2200277 a 4500 |
| 001 - NÚMERO DE CONTROL | |
| campo de control | BRCA_9004 |
| 003 - IDENTIFICADOR DEL NÚMERO DE CONTROL | |
| campo de control | FranzMayer |
| 005 - FECHA Y HORA DE LA ÚLTIMA TRANSACCIÓN | |
| campo de control | 20230728120901.0 |
| 008 - DATOS DE LONGITUD FIJA--INFORMACIÓN GENERAL | |
| campo de control de longitud fija | 180717s1691----sp-#######---#000-0#spa-# |
| 040 ## - FUENTE DE LA CATALOGACIÓN | |
| Centro catalogador/agencia de origen | MFM |
| Lengua de catalogación | esp |
| Centro/agencia transcriptor | MFM |
| 041 ## - CÓDIGO DE LENGUA | |
| Código de lengua del texto/banda sonora o título independiente | spa |
| 044 ## - CÓDIGO DEL PAÍS DE LA ENTIDAD EDITORA/PRODUCTORA | |
| Código MARC del país | sp |
| 084 ## - OTRO NÚMERO DE CLASIFICACIÓN | |
| Número de clasificación | W150 |
| Número de documento/Ítem | .A65 1691 |
| 100 1# - ENTRADA PRINCIPAL--NOMBRE DE PERSONA | |
| Nombre de persona | Alloza, Juan de |
| 9 (RLIN) | 22345 |
| 245 10 - MENCIÓN DE TÍTULO | |
| Título | Cielo estrellado de mil y veinte y dos exemplos de Maria |
| Resto del título | paraiso espiritval, y tesoro de favores, y regalos con que esta Gran Señora ha favorecido, a los que se acogen aÌ su protección, y amparo |
| Mención de responsabilidad, etc. | por el padre Juan de Alloza; sacerdote professo de la Compañía de Jesvs; natural de Lima, civdad de los Reyes en el Perv |
| 260 ## - PUBLICACIÓN, DISTRIBUCIÓN, ETC. | |
| Lugar de publicación, distribución, etc. | Valencia |
| Nombre del editor, distribuidor, etc. | En la Imprenta de Vicente Mace, maestro de Filosofia, junto el Real Colegio de Corpus Christi |
| Fecha de publicación, distribución, etc. | 1691 |
| 300 ## - DESCRIPCIÓN FÍSICA | |
| Extensión | [32], [11], 489 p. |
| Dimensiones | 30 x 22 cm |
| 500 ## - NOTA GENERAL | |
| Nota general | Con licencia |
| 500 ## - NOTA GENERAL | |
| Nota general | En portada: Magna qvae fecit Mariae, qui potens est. |
| 500 ## - NOTA GENERAL | |
| Nota general | En portada: Acosta de Claudio Mace, y Juan B. Mace, Mercader de Libros |
| 500 ## - NOTA GENERAL | |
| Nota general | Estado físico: presenta encuadernación en pergamino dteriorado con cintas rotas y cantos en color rojo |
| 600 14 - PUNTO DE ACCESO ADICIONAL DE MATERIA--NOMBRE DE PERSONA | |
| Nombre de persona | Virgen María |
| Subdivisión general | Apariciones y milagros |
| 9 (RLIN) | 4433 |
| 650 14 - PUNTO DE ACCESO ADICIONAL DE MATERIA--TÉRMINO DE MATERIA | |
| Término de materia o nombre geográfico como elemento de entrada | Milagros |
| 9 (RLIN) | 22346 |
| 902 ## - CATALOGADOR | |
| Iniciales | LAR |
| 942 ## - ELEMENTOS DE PUNTO DE ACCESO ADICIONAL (KOHA) | |
| Fuente del sistema de clasificación o colocación | Library of Congress Classification |
| Tipo de ítem Koha | Libros |
| Estado de retiro | Estado de pérdida | Fuente del sistema de clasificación o colocación | Estado dañado | No para préstamo | Código de colección | Localización permanente | Ubicación/localización actual | Fecha de adquisición | Fuente de adquisición | Total de préstamos | Signatura topográfica completa | Código de barras | Fecha visto por última vez | Precio válido a partir de | Tipo de ítem Koha |
|---|---|---|---|---|---|---|---|---|---|---|---|---|---|---|---|
| El ejemplar forma parte de la colección y puede ser consultado según las políticas vigentes. | Library of Congress Classification | Conventual Franz Mayer | Biblioteca del Museo Franz Mayer (Rogerio Casas-Alatriste) | Biblioteca del Museo Franz Mayer (Rogerio Casas-Alatriste) | 18/07/2017 | Donación | W150 .A65 1691 | 9702 | 22/03/2019 | 22/03/2019 | Libros |